| 000 | 00771nam a2200229Ia 4500 | ||
|---|---|---|---|
| 001 | 15348 | ||
| 003 | GE_BSU | ||
| 008 | 181216s||||||||xx |||||||||||||| ||und|| | ||
| 040 | _cGE_BSU | ||
| 080 | _a82-93:821.353.1-32 | ||
| 100 | _aყიფიანი,ედიშერ | ||
| 245 | _aათფურცლიანი რვეულები | ||
| 245 | _bმოთხრობები | ||
| 245 | _cრედ.მ.ზუბადალაშვილი მხატვ.ა.გახარია | ||
| 260 | _aთბილისი | ||
| 260 | _bნაკადული | ||
| 260 | _c1967 | ||
| 300 | _a125გვ.20სმ. | ||
| 653 | _aათფურცლიანი რვეულები | ||
| 653 | _aმოთხრობები | ||
| 942 | _cBK | ||
| 999 |
_c48454 _d48454 |
||